000
00191 a2200097 4500
020
_a
9781410889614
041
_a
spa
100
_a
Katherine Scrape
245
_a
La venta de garaje
942
_c
K
999
_c
27556
_d
27556